| 000 | 00447 a2200169 4500 | ||
|---|---|---|---|
| 020 | _a9780195392562 | ||
| 082 | _a621.3822 | ||
| 090 |
_c7239 _d7239 |
||
| 100 | _aLathi, B. P. | ||
| 245 |
_aLinear systems and signals _cB. P. Lathi |
||
| 250 | _a2nd ed. | ||
| 260 |
_aNew York _bOxford University Press _c2010 |
||
| 300 | _a975 p. | ||
| 650 | _aSignal processing--Mathematics--System analysis | ||
| 700 | _aB. P.Lathi | ||
| 942 |
_cBK _k621.3822 LAT |
||
| 999 |
_c11042 _d11042 |
||